<?xml version="1.0" encoding="UTF-8"?><?xml-stylesheet type="text/xsl" href="static/style.xsl"?><OAI-PMH xmlns="http://www.openarchives.org/OAI/2.0/" xmlns:xsi="http://www.w3.org/2001/XMLSchema-instance" xsi:schemaLocation="http://www.openarchives.org/OAI/2.0/ http://www.openarchives.org/OAI/2.0/OAI-PMH.xsd"><responseDate>2026-04-27T22:04:36Z</responseDate><request verb="GetRecord" identifier="oai:uvadoc.uva.es:10324/68761" metadataPrefix="marc">https://uvadoc.uva.es/oai/request</request><GetRecord><record><header><identifier>oai:uvadoc.uva.es:10324/68761</identifier><datestamp>2025-03-26T19:10:05Z</datestamp><setSpec>com_10324_1164</setSpec><setSpec>com_10324_931</setSpec><setSpec>com_10324_894</setSpec><setSpec>col_10324_1330</setSpec></header><metadata><record xmlns="http://www.loc.gov/MARC21/slim" xmlns:doc="http://www.lyncode.com/xoai" xmlns:xsi="http://www.w3.org/2001/XMLSchema-instance" xmlns:dcterms="http://purl.org/dc/terms/" xsi:schemaLocation="http://www.loc.gov/MARC21/slim http://www.loc.gov/standards/marcxml/schema/MARC21slim.xsd">
<leader>00925njm 22002777a 4500</leader>
<datafield tag="042" ind1=" " ind2=" ">
<subfield code="a">dc</subfield>
</datafield>
<datafield tag="720" ind1=" " ind2=" ">
<subfield code="a">Berzal de la Rosa, Enrique</subfield>
<subfield code="e">author</subfield>
</datafield>
<datafield tag="260" ind1=" " ind2=" ">
<subfield code="c">2022</subfield>
</datafield>
<datafield tag="520" ind1=" " ind2=" ">
<subfield code="a">Para entender la creación de la Acción Católica en España es preciso remontarse a los orígenes del movimiento católico, a finales del siglo XIX, y al contexto de guerra cultural entre liberalismo y catolicismo. El empleo, por parte de la Iglesia, de repertorios modernos de movilización sentó las bases de lo que posteriormente sería la Acción Católica Española, organización apostólica afianzada a partir de las Bases publicadas por el cardenal primado Reig en 1926. Una Acción Católica caracterizada en un primer momento por un claro carácter triunfalista y recatolizador que, sin embargo, derivaría en posibilista durante la Segunda República, momento en el que desarrolla una intensa labor con evidentes repercusiones políticas. Junto a la bibliografía existente sobre este objeto de estudio nos basamos en la documentación de la propia Acción Católica, a nuestro juicio insuficientemente explorada aún para los años 30.</subfield>
</datafield>
<datafield tag="024" ind2=" " ind1="8">
<subfield code="a">Berzal de la Rosa, E. (2022). Del triunfalismo al posibilismo. La Acción Católica en España desde los orígenes hasta 1936. Cauriensia. Revista Anual De Ciencias Eclesiásticas, 17, 1147–1172.</subfield>
</datafield>
<datafield tag="024" ind2=" " ind1="8">
<subfield code="a">1886-4945</subfield>
</datafield>
<datafield tag="024" ind2=" " ind1="8">
<subfield code="a">https://uvadoc.uva.es/handle/10324/68761</subfield>
</datafield>
<datafield tag="024" ind2=" " ind1="8">
<subfield code="a">10.17398/2340-4256.17.1147</subfield>
</datafield>
<datafield tag="024" ind2=" " ind1="8">
<subfield code="a">1147</subfield>
</datafield>
<datafield tag="024" ind2=" " ind1="8">
<subfield code="a">17</subfield>
</datafield>
<datafield tag="024" ind2=" " ind1="8">
<subfield code="a">1172</subfield>
</datafield>
<datafield tag="024" ind2=" " ind1="8">
<subfield code="a">Cauriensia</subfield>
</datafield>
<datafield ind1=" " ind2=" " tag="653">
<subfield code="a">Historia de la Iglesia en España</subfield>
</datafield>
<datafield ind1=" " ind2=" " tag="653">
<subfield code="a">Historia</subfield>
</datafield>
<datafield tag="245" ind1="0" ind2="0">
<subfield code="a">Del triunfalismo al posibilismo. La Acción Católica en España desde los orígenes hasta 1936</subfield>
</datafield>
</record></metadata></record></GetRecord></OAI-PMH>